000
00297nam a22001337a 4500
003
SGT
020
_a
978-0833-54024-4
082
_a
614.1
_b
KIR
100
_a
KIRBY, LORNE T.
245
_a
DNA FINGERPRINTING AN INTRODUCTION
260
_a
USA
_b
MOCMILLAN
_c
2020
300
_a
365
942
_2
ddc
_c
BK
999
_c
22393
_d
22393